书目信息 |
| 题名: |
企业路标
|
|
| 作者: | 王革非 著 | |
| 分册: | ||
| 出版信息: | 北京 中国对外经济贸易出版社 2002.12 |
|
| 页数: | 250页 | |
| 开本: | 20cm | |
| 丛书名: | ||
| 单 册: | ||
| 中图分类: | F272.3 | |
| 科图分类: | ||
| 主题词: | 企业管理--经营决策--研究 | |
| 电子资源: | ||
| ISBN: | 7-80181-035-X | |
| 000 | 00732nam0 2200229 450 | |
| 001 | 002324768 | |
| 005 | 20100814153131.87 | |
| 010 | @a7-80181-035-X@dCNY13.00 | |
| 100 | @a20100515d2002 em-y0chiy0110----ea | |
| 101 | 0 | @achi |
| 102 | @aCN@b110000 | |
| 105 | @ay a 000yy | |
| 200 | 1 | @a企业路标@Aqi ye lu biao@f王革非著 |
| 210 | @a北京@c中国对外经济贸易出版社@d2002.12 | |
| 215 | @a250页@d20cm | |
| 320 | @a有书目 (第243-249页) | |
| 330 | @a本书贯穿将管理学中的实用性理论与中国企业的实际情况相结合为出发点,从48个方面讨论了企业的根基问题。即,竞争与行业之力、寻找竞争对手等。 | |
| 606 | 0 | @a企业管理@x经营决策@x研究 |
| 690 | @aF272.3@v4 | |
| 701 | 0 | @a王革非@Awang ge fei@4著 |
| 801 | 0 | @c20100515 |
| 905 | @dF272.3@eW180@f3 | |
| 企业路标/王革非著.-北京:中国对外经济贸易出版社,2002.12 |
| 250页;20cm |
| ISBN 7-80181-035-X:CNY13.00 |
| 本书贯穿将管理学中的实用性理论与中国企业的实际情况相结合为出发点,从48个方面讨论了企业的根基问题。即,竞争与行业之力、寻找竞争对手等。 |
| ● |
| 相关链接 |
|
|
|
正题名:企业路标
索取号:F272.3/W180
 
预约/预借
| 序号 | 登录号 | 条形码 | 馆藏地/架位号 | 状态 | 备注 |
| 1 | 1029860 | 210298603 | 社科二线422/422社科库 28排4列1层/ [索取号:F272.3/W180] | 在馆 | |
| 2 | 1029861 | 210298612 | 社科二线422/409社科库 88排1列2层/ [索取号:F272.3/W180] | 在馆 | |
| 3 | 1029862 | 210298621 | 社科库409/409社科库 88排1列1层/ [索取号:F272.3/W180] | 在馆 |